01257nam a2200229 a 450000500170000000800410001702000150005804100080007309200170008110000260009824500450012425000520016926000360022130000110025750000820026850503550035059000610070565500210076694200130078799900150080095202120081520241023125737.0100630t2000||||ag a|||g p 1p0dspa d a9500417545 aspa c808l78sSHE1 aSheldon, Sidney93940 3aSi hubiera un mañana /cSidney Sheldon a1a ed. 4ta reimp.bTraducción Raquel Albornoz aBuenos Aires: bEmecé;c2000. a444 p. aSheldon, S. (2000). Si hubiera un mañana. (1a ed.). Buenos Aires : Emecé. aTracy Whitney es joven y hermosa. Ha sido condenada a quince años de prisión por un delito que no cometió. Una vez en libertad, busca vengarse de las fuerzas del crimen organizado, responsables de su condena. Sus armas son la inteligencia, la belleza, y la firme determinación de cumplir con su cometido, sin reparar en los medio utilizados.  aProyecto 4to Libro. Donación Victoria Lara, Mayo 2018. aLiteratura92917 2lcccLIT c2794d2794 00102ddc4070aBFMbBFMcCRd2018-05-28eDonación Victoria Lara, mayo 2018l2m1o808 78 SHEp4287r2021-09-14s2021-09-03tEj. 1w2018-05-28yLITzProyecto 4to libro. Donación Victoria Lara, mayo 2018